Ecos nacionales y cantares (Record no. 164145)

MARC details
000 -LEADER
campo de control de longitud fija 01046nam a2200253 i 4500
001 - NÚMERO DE CONTROL
campo de control 164145
003 - IDENTIFICADOR DE NÚMERO DE CONTROL
campo de control ES-MaACL
005 - FECHA Y HORA DE LA ÚLTIMA TRANSACCIÓN
campo de control 20250811063201.0
008 - DATOS DE LONGITUD FIJA--INFORMACIÓN GENERAL
campo de control de longitud fija 970721s1873 sp c |||| | spa d
040 ## - FUENTE DE CATALOGACIÓN
Centro catalogador/agencia de origen CYL
Lengua de catalogación spa
Centro/agencia transcriptor CYL
080 ## - NÚMERO DE LA CLASIFICACIÓN DECIMAL UNIVERSAL
Número de la Clasificación Decimal Universal 821.134.2-14"18"
100 ## - ENTRADA PRINCIPAL--NOMBRE DE PERSONA
Nombre de persona Ruiz Aguilera, Ventura,
Fechas asociadas al nombre 1820-1881
9 (RLIN) 188456
245 10 - MENCIÓN DEL TÍTULO
Título Ecos nacionales y cantares
Resto del título : con traducciones al portugués, alemán, inglés, italiano, catalán, gallego y provenzal /
Mención de responsabilidad, etc. Ventura Ruiz Aguilera.
250 ## - MENCION DE EDICION
Mención de edición 6ª ed.
260 ## - PUBLICACIÓN, DISTRIBUCIÓN, ETC.
Lugar de publicación, distribución, etc. Madrid :
Nombre del editor, distribuidor, etc. [s.n.,
Fecha de publicación, distribución, etc. 1873?] (
Fabricante Imp. de la Biblioteca de Instrucción y Recreo)
300 ## - DESCRIPCIÓN FÍSICA
Extensión XIV, [15]-416 p., [1] h. de lám. ;
Dimensiones 19 cm.
490 1# - MENCIÓN DE SERIE
Mención de serie Obras completas de D. Ventura Ruiz Aguilera
505 8# - NOTA DE CONTENIDO CON FORMATO
Nota de contenido con formato Contiene: Libro I-III. Ecos nacionales -- Libro IV. Cantares
596 ## - NOTA AL PIE DE IMPRENTA
NOTA AL PIE DE IMPRENTA Fechado por Palau: 1873.
599 ## - NOTA A LAS ILUSTRACIONES
NOTA A LAS ILUSTRACIONES La h. de lám. es un retr.: "A. Weger Leipzig"
830 0# - PUNTO DE ACCESO ADICIONAL DE SERIE-TÍTULO UNIFORME
Título uniforme Obras completas de D. Ventura Ruiz Aguilera
9 (RLIN) 188457
852 ## - LOCALIZACIÓN
Ubicación ES-MaACL
Número de control de estantería D-1832
Nota libre -- Enc. hol.
Holdings
Estatus retirado Estado de pérdida Estado de daño No para préstamo Colección Biblioteca de origen Biblioteca actual Ubicación en estantería Fecha de adquisición Fuente de adquisición Total de préstamos Signatura topográfica completa Código de barras Visto por última vez Precio de reemplazo Tipo de ítem Koha
        Libros del s. XIX Biblioteca del Ateneo de Madrid Biblioteca del Ateneo de Madrid Sala Valle Inclán 17/01/2008     D-1832 901172035 23/02/2023 23/02/2023 Libro impreso antiguo